[Event "Int.Vellmar 9th op B"]
[Site "Vellmar"]
[Date "2017.07.16"]
[Round "6.13"]
[White "Haack, Kevin"]
[Black "Wuestehube, Harry"]
[Result "0-1"]
[WhiteElo "1667"]
[BlackElo "1925"]
[PlyCount "86"]
[EventDate "2017.07.13"]
[EventType "swiss"]
[EventRounds "7"]
[EventCountry "GER"]

1. c4 e5 2. Nc3 Nc6 3. g3 Nf6 4. Bg2 g6 5. e3 Bg7 6. Nge2 O-O 7. O-O d6 8. d4
Re8 9. d5 Ne7 10. h3 Nd7 11. Ne4 h6 12. f4 a5 13. b3 exf4 14. Rb1 fxe3 15. Bxe3
Nf5 16. Bd2 Ne5 17. Nf4 Bd7 18. Qe1 a4 19. Qf2 axb3 20. axb3 Ra2 21. Nc3 Ra8
22. Ne4 Rf8 23. Kh2 Kh7 24. Rg1 Ne7 25. Qe2 Ng8 26. Be3 Qe7 27. Rbf1 {Remis
Angebot} Rae8 28. Rf2 f5 29. Nd2 Nf6 30. Bf3 Neg4+ 31. hxg4 Qxe3 32. Qxe3 Rxe3
33. gxf5 Bxf5 34. g4 Bd7 35. g5 Ng8 36. Be4 Bf5 37. Bxf5 Rxf5 38. gxh6 Be5 39.
Rg4 Nxh6 40. Rh4 g5 41. Rh3 Rxh3+ 42. Kxh3 Rxf4 43. Rg2 Rh4# 0-1

[Event "Int.Vellmar 9th op B"]
[Site "Vellmar"]
[Date "2017.07.16"]
[Round "6.14"]
[White "Schilling, Dietmar"]
[Black "Dinslage, Klaus-Dieter"]
[Result "1-0"]
[WhiteElo "1872"]
[BlackElo "1664"]
[PlyCount "49"]
[EventDate "2017.07.13"]
[EventType "swiss"]
[EventRounds "7"]
[EventCountry "GER"]

1. b4 e5 2. a3 d5 3. Bb2 Bd6 4. e3 Ne7 5. c4 dxc4 6. Bxc4 O-O 7. Nf3 Ng6 8. d4
e4 9. Nfd2 Re8 10. Nc3 Bf5 11. Bd5 c6 12. Bxe4 Be6 13. O-O Nd7 14. Nf3 f5 15.
Bc2 f4 16. e4 Bg4 17. Qd3 Ndf8 18. e5 Be7 19. Ne2 h5 20. Qe4 Nh4 21. Nxh4 Bxe2
22. Qxe2 Bxh4 23. Bb3+ Ne6 24. Qxh5 Bg5 25. Qg6 1-0

[Event "Int.Vellmar 9th op B"]
[Site "Vellmar"]
[Date "2017.07.16"]
[Round "6.15"]
[White "Bengsch, Norbert"]
[Black "Niemeyer, Norbert"]
[Result "1-0"]
[WhiteElo "1797"]
[BlackElo "1651"]
[PlyCount "25"]
[EventDate "2017.07.13"]
[EventType "swiss"]
[EventRounds "7"]
[EventCountry "GER"]

1. d4 Nf6 2. Nf3 d5 3. e3 e6 4. Bd3 c5 5. b3 Nc6 6. O-O cxd4 7. exd4 Be7 8. Bb2
O-O 9. Nbd2 a6 10. Ne5 Bd6 11. f4 Nd7 12. Rf3 Re8 13. Bxh7+ 1-0

[Event "Int.Vellmar 9th op B"]
[Site "Vellmar"]
[Date "2017.07.16"]
[Round "6.16"]
[White "Michels, Fabio"]
[Black "Stein, Carmen"]
[Result "0-1"]
[WhiteElo "1787"]
[BlackElo "1630"]
[PlyCount "72"]
[EventDate "2017.07.13"]
[EventType "swiss"]
[EventRounds "7"]
[EventCountry "GER"]

1. c4 c6 2. g3 d5 3. Bg2 Nf6 4. Nf3 dxc4 5. Nc3 b5 6. Ne5 Qc7 7. f4 Bb7 8. O-O
e6 9. b3 cxb3 10. Qxb3 a6 11. a4 Qb6+ 12. e3 b4 13. a5 Qc7 14. Ne4 Nxe4 15.
Bxe4 Be7 16. Bb2 O-O 17. Rfc1 c5 18. Qc4 Bxe4 19. Qxe4 Nd7 20. Nc6 Nf6 21.
Nxe7+ Qxe7 22. Qc4 Rfc8 23. Bxf6 Qxf6 24. d4 Rc6 25. dxc5 Rac8 26. Qxb4 Qe7 27.
Rab1 h6 28. Rc4 Rxc5 29. Rxc5 Qxc5 30. Qb6 Rc6 31. Qd8+ Kh7 32. Qd3+ g6 33. Rb7
Qc1+ 34. Kf2 Rc2+ 35. Kf3 Qh1+ 36. Kg4 h5+ 0-1

[Event "Int.Vellmar 9th op B"]
[Site "Vellmar"]
[Date "2017.07.16"]
[Round "6.17"]
[White "Krausse, Vanessa"]
[Black "Pichl, Uwe"]
[Result "0-1"]
[WhiteElo "1619"]
[BlackElo "1752"]
[PlyCount "36"]
[EventDate "2017.07.13"]
[EventType "swiss"]
[EventRounds "7"]
[EventCountry "GER"]

1. e4 e5 2. f4 Bc5 3. Nf3 Nf6 4. Nc3 d6 5. Bc4 O-O 6. d3 Ng4 7. d4 exd4 8. Nxd4
Qf6 9. Nce2 Qh4+ 10. g3 Qh3 11. Ng1 Qh6 12. h3 Re8 13. Qd3 Nc6 14. c3 Nf6 15.
Kd1 Nxe4 16. Rh2 Bg4+ 17. Kc2 Bxd4 18. cxd4 Nb4+ 0-1

[Event "Int.Vellmar 9th op B"]
[Site "Vellmar"]
[Date "2017.07.16"]
[Round "6.18"]
[White "Mahr, Gero"]
[Black "Niemann, Leon"]
[Result "1-0"]
[WhiteElo "1739"]
[BlackElo "1548"]
[PlyCount "119"]
[EventDate "2017.07.13"]
[EventType "swiss"]
[EventRounds "7"]
[EventCountry "GER"]

1. e4 c5 2. Nf3 Nc6 3. d4 cxd4 4. Nxd4 g6 5. Be3 Bg7 6. Nc3 Nf6 7. h3 Qa5 8.
Nb3 Qd8 9. Qd2 d6 10. Be2 Bd7 11. g4 O-O 12. O-O-O a6 13. h4 b5 14. g5 Ng4 15.
Bxg4 Bxg4 16. Rdg1 Be6 17. Nd4 Nxd4 18. Bxd4 Bxd4 19. Qxd4 Qc7 20. h5 Qc5 21.
Qxc5 dxc5 22. b3 Rad8 23. hxg6 fxg6 24. Rh2 Rf7 25. Ne2 Rf3 26. Rgh1 Rf7 27.
Rh4 Rxf2 28. Nf4 Bf7 29. Rxh7 Rf1+ 30. Rxf1 Kxh7 31. Nd3 Kg7 32. Nxc5 a5 33. a3
b4 34. axb4 axb4 35. Kb2 Ra8 36. Nd3 Rb8 37. Rf4 Rh8 38. e5 Be6 39. Nxb4 Bf5
40. Nd5 e6 41. c4 exd5 42. cxd5 Kf7 43. Ra4 Rh2+ 44. Ka3 Ke8 45. Ra8+ Ke7 46.
Ra7+ Kd8 47. Kb4 Rc2 48. e6 Rc7 49. Rxc7 Kxc7 50. Kc5 Bg4 51. b4 Be2 52. e7 Kd7
53. d6 Ba6 54. b5 Bb7 55. Kb6 Bd5 56. e8=Q+ Kxe8 57. Kc7 Be6 58. b6 Bf5 59. b7
Be4 60. b8=Q+ 1-0

[Event "Int.Vellmar 9th op B"]
[Site "Vellmar"]
[Date "2017.07.16"]
[Round "6.19"]
[White "Wiedemann, Thilo"]
[Black "Homann, Christoph"]
[Result "1/2-1/2"]
[WhiteElo "1616"]
[BlackElo "1699"]
[PlyCount "41"]
[EventDate "2017.07.13"]
[EventType "swiss"]
[EventRounds "7"]
[EventCountry "GER"]

1. d4 Nf6 2. Bf4 d5 3. Nf3 e6 4. e3 Bd6 5. Bg3 O-O 6. Nbd2 Ne4 7. Bd3 f5 8. Ne5
c5 9. c3 Nc6 10. Ndf3 c4 11. Bc2 Qc7 12. Nxc6 Qxc6 13. Bxd6 Nxd6 14. Ne5 Qe8
15. a4 b6 16. O-O Nf7 {Remis Angebot} 17. f4 Nxe5 18. fxe5 Bb7 19. Qf3 Qe7 20.
Qh5 Bc6 21. Rf2 1/2-1/2

[Event "Int.Vellmar 9th op B"]
[Site "Vellmar"]
[Date "2017.07.16"]
[Round "6.20"]
[White "Hoke, Joshua Sky"]
[Black "Sendler, Arnold"]
[Result "1/2-1/2"]
[WhiteElo "1500"]
[BlackElo "1692"]
[PlyCount "93"]
[EventDate "2017.07.13"]
[EventType "swiss"]
[EventRounds "7"]
[EventCountry "GER"]

1. e4 e5 2. Nf3 Nc6 3. d4 exd4 4. Nxd4 Qh4 5. Nc3 Bb4 6. Nxc6 Qxe4+ 7. Qe2
Qxe2+ 8. Bxe2 Bxc3+ 9. bxc3 bxc6 10. Bf4 d6 11. Bf3 Ne7 12. O-O Be6 13. Rfb1
Kd7 14. Rb7 Rhb8 15. Rab1 Rxb7 16. Rxb7 Kc8 17. Rb2 Rb8 18. Rxb8+ Kxb8 19. a3
Bf5 20. Bd1 Nd5 21. Bd2 Nb6 22. g4 Be6 23. Kg2 Kc8 24. Kf3 Nc4 25. Bc1 Kd7 26.
Ke4 g6 27. Kf4 f6 28. h4 Ne5 29. f3 Ke7 30. Be3 {Remis Angebot} c5 31. Be2 Bc4
32. Bd1 Ke6 33. Kg3 Nd7 34. f4 f5 35. gxf5+ gxf5 36. Kf2 Nf6 37. Ke1 Ne4 38.
Bd2 Nxd2 39. Kxd2 Bf1 40. Ke3 Bc4 41. Bf3 {Remis Angebot} Bd5 42. Be2 Be4 43.
Bd3 d5 44. Kd2 Bxd3 45. cxd3 Kd6 46. c4 {Remis Angebot} c6 47. Kd1 1/2-1/2

[Event "Int.Vellmar 9th op B"]
[Site "Vellmar"]
[Date "2017.07.16"]
[Round "6.24"]
[White "Meyer, Thomas"]
[Black "Kaeding, Wolfgang"]
[Result "1/2-1/2"]
[WhiteElo "1710"]
[BlackElo "1527"]
[PlyCount "36"]
[EventDate "2017.07.13"]
[EventType "swiss"]
[EventRounds "7"]
[EventCountry "GER"]

1. d4 Nf6 2. Nf3 g6 3. Nc3 Bg7 4. e4 O-O 5. Be3 d6 6. h3 Re8 7. Qd2 e5 8. dxe5
dxe5 9. Qxd8 Rxd8 10. Bg5 Re8 11. O-O-O Bd7 12. Bc4 h6 13. Bxf6 Bxf6 14. Nd5
Bd8 15. Nc3 c6 16. a4 a6 17. Kb1 b5 18. axb5 axb5 1/2-1/2

[Event "Int.Vellmar 9th op B"]
[Site "Vellmar"]
[Date "2017.07.16"]
[Round "6.25"]
[White "Cress, Bastian"]
[Black "Uecker, Mario"]
[Result "1-0"]
[WhiteElo "1599"]
[BlackElo "1720"]
[PlyCount "153"]
[EventDate "2017.07.13"]
[EventType "swiss"]
[EventRounds "7"]
[EventCountry "GER"]

1. e4 e5 2. Nf3 f5 3. d4 fxe4 4. Nxe5 Nf6 5. Bf4 d6 6. Nc4 b5 7. Ne3 a6 8. Be2
Be7 9. Qd2 O-O 10. a4 bxa4 11. Rxa4 d5 12. O-O c6 13. Nc3 Qb6 14. Rfa1 Bb7 15.
Nf5 Bb4 16. Bd6 Bxd6 17. Nxd6 Rd8 18. Nf5 Bc8 19. Ne3 Rd7 20. R4a2 Rda7 21. Na4
Qc7 22. c4 Be6 23. Nc5 Bf7 24. cxd5 Nxd5 25. Nxd5 Bxd5 26. Ra3 a5 27. Re3 Nd7
28. Nxe4 Bxe4 29. Rxe4 Nf6 30. Re3 Rd8 31. Rea3 Rda8 32. Rh3 Qd8 33. Qc3 Qb6
34. Qb3+ Qxb3 35. Rxb3 Re7 36. Bf3 Nd5 37. g3 Rea7 38. Bxd5+ cxd5 39. Rb5 a4
40. Rxd5 Rb7 41. Ra2 Rb3 42. Re5 Rd3 43. Re4 Rd2 44. d5 Kf7 45. Rexa4 Rxa4 46.
Rxa4 Rxb2 47. Rd4 Rb8 48. Kg2 Ke7 49. Kf3 Kd6 50. h4 Rb3+ 51. Ke4 Rb2 52. f3
Rg2 53. g4 Rh2 54. h5 Re2+ 55. Kd3 Re7 56. f4 Re1 57. Ra4 Rf1 58. Ke4 Re1+ 59.
Kf5 Re7 60. h6 Rf7+ 61. Kg5 g6 62. Ra5 Re7 63. f5 gxf5 64. Kf6 Rb7 65. Kxf5
Rf7+ 66. Kg5 Ke5 67. Kh5 Rf1 68. d6+ Kxd6 69. Ra7 Ke6 70. Rxh7 Rh1+ 71. Kg6 Rg1
72. g5 Ra1 73. Rg7 Ke5 74. Rf7 Ke6 75. h7 Rh1 76. Rf6+ Ke7 77. Kg7 1-0

[Event "Int.Vellmar 9th op B"]
[Site "Vellmar"]
[Date "2017.07.16"]
[Round "6.26"]
[White "Kotliarevski, Dennis"]
[Black "Bastian, Ben"]
[Result "0-1"]
[WhiteElo "1568"]
[BlackElo "1705"]
[PlyCount "66"]
[EventDate "2017.07.13"]
[EventType "swiss"]
[EventRounds "7"]
[EventCountry "GER"]

1. e4 e5 2. Nf3 Nc6 3. d4 exd4 4. Nxd4 Nge7 5. Bc4 d6 6. O-O Nxd4 7. Qxd4 Nc6
8. Qc3 Be6 9. Bb5 Bd7 10. Be3 Be7 11. Nd2 Bf6 12. Qb3 O-O 13. c3 a6 14. Bxc6
Bxc6 15. Bd4 Be7 16. Rae1 a5 17. Re3 a4 18. Qc2 Bd7 19. Rg3 g6 20. f4 Bh4 21.
Rgf3 Bg4 22. f5 Bxf3 23. Rxf3 c5 24. Be3 Bg5 25. Bxg5 Qxg5 26. f6 Rfe8 27. Qd3
Re6 28. e5 Qxe5 29. Nc4 Qe1+ 30. Rf1 Qe2 31. Qh3 h5 32. Qg3 Qxc4 33. Qg5 Qe2
0-1

[Event "Int.Vellmar 9th op B"]
[Site "Vellmar"]
[Date "2017.07.16"]
[Round "6.27"]
[White "Schaefer, Marc"]
[Black "Neumann, Peter Eduard"]
[Result "1-0"]
[WhiteElo "1701"]
[BlackElo "1576"]
[PlyCount "69"]
[EventDate "2017.07.13"]
[EventType "swiss"]
[EventRounds "7"]
[EventCountry "GER"]

1. c4 Nf6 2. d4 g6 3. Nf3 Bg7 4. Nc3 d6 5. e3 Nbd7 6. Qc2 O-O 7. Bd3 Re8 8. O-O
e5 9. b3 Nf8 10. h3 Re7 11. Bb2 Bd7 12. Rad1 Qc8 13. Nh2 b6 14. dxe5 Rxe5 15.
Ne4 Nxe4 16. Bxe5 Bxe5 17. Bxe4 Bxh2+ 18. Kxh2 Bf5 19. Bxf5 gxf5 20. Rd5 Qb7
21. Qxf5 Ne6 22. Qf6 c6 23. Rxd6 Qc7 24. Qe5 Re8 25. Qg3+ Ng7 26. Rfd1 Kf8 27.
Rd7 Qc8 28. Qf4 f5 29. Qh6 Qb8+ 30. Kg1 Qe5 31. Qxh7 Re7 32. Rd8+ Kf7 33. Qg8+
Kg6 34. R1d6+ Kg5 35. f4+ 1-0

[Event "Int.Vellmar 9th op B"]
[Site "Vellmar"]
[Date "2017.07.16"]
[Round "6.28"]
[White "Brahn, Helmut"]
[Black "Kroemer, Alexander"]
[Result "1-0"]
[WhiteElo "1698"]
[BlackElo "1566"]
[PlyCount "51"]
[EventDate "2017.07.13"]
[EventType "swiss"]
[EventRounds "7"]
[EventCountry "GER"]

1. c4 e5 2. d3 Nf6 3. Nf3 Bb4+ 4. Nbd2 Nc6 5. a3 Be7 6. e3 O-O 7. Be2 d6 8. h3
Be6 9. O-O Nd7 10. b4 f5 11. Bb2 Bf6 12. Qc2 g5 13. Nb3 f4 14. b5 Ne7 15. Nh2
Rf7 16. Ng4 h5 17. Nh6+ Kg7 18. Nxf7 Bxf7 19. d4 Ng6 20. Bxh5 Qh8 21. Bg4 Nb6
22. d5 Ne7 23. Rac1 Bg6 24. e4 Qh7 25. Rfe1 Bh5 26. Qe2 1-0

[Event "Int.Vellmar 9th op B"]
[Site "Vellmar"]
[Date "2017.07.16"]
[Round "6.30"]
[White "Hahnenstein, Leon"]
[Black "Jungklaus, Lars"]
[Result "0-1"]
[WhiteElo "1401"]
[BlackElo "1660"]
[PlyCount "60"]
[EventDate "2017.07.13"]
[EventType "swiss"]
[EventRounds "7"]
[EventCountry "GER"]

1. e4 c5 2. Bc4 d6 3. Nf3 Bg4 4. d3 Nf6 5. c3 Nc6 6. Be3 e6 7. Nbd2 Be7 8. O-O
O-O 9. h3 Bh5 10. Qc2 a6 11. Rfe1 Rc8 12. Rac1 b5 13. Bb3 Qd7 14. a3 h6 15. c4
Qb7 16. d4 cxd4 17. Nxd4 Nxd4 18. Bxd4 bxc4 19. Bxc4 d5 20. exd5 exd5 21. Bxd5
Qxd5 22. Qd3 Rxc1 23. Rxc1 Rd8 24. Nb3 Bg6 25. Qe3 Qe4 26. Qc3 {Remis Angebot}
Nd5 27. Qc4 Nf4 28. f3 Qe2 29. Bf2 Rd1+ 30. Rxd1 Qxc4 0-1

[Event "Int.Vellmar 9th op B"]
[Site "Vellmar"]
[Date "2017.07.16"]
[Round "6.32"]
[White "Rapp, Lukas"]
[Black "Pomrehn, Ole Magnus"]
[Result "1/2-1/2"]
[WhiteElo "1652"]
[BlackElo "1472"]
[PlyCount "43"]
[EventDate "2017.07.13"]
[EventType "swiss"]
[EventRounds "7"]
[EventCountry "GER"]

1. e4 d5 2. exd5 Qxd5 3. Nc3 Qa5 4. Bc4 c6 5. d4 Nf6 6. Nf3 Bg4 7. h3 Bh5 8. g4
Bg6 9. Bd2 Qc7 10. Qe2 e6 11. O-O-O Nbd7 12. Nh4 O-O-O 13. f4 Nb6 14. Nxg6 hxg6
15. Be3 Nxc4 16. Qxc4 Nd5 17. Nxd5 exd5 18. Qb3 Bd6 19. Rdf1 Rde8 20. Rf3 Re4
21. Rhf1 Rhe8 22. Bd2 1/2-1/2

[Event "Int.Vellmar 9th op B"]
[Site "Vellmar"]
[Date "2017.07.16"]
[Round "6.34"]
[White "Wolter, Kerstin"]
[Black "Kirchner, Stefan"]
[Result "1/2-1/2"]
[WhiteElo "1694"]
[BlackElo "1550"]
[PlyCount "109"]
[EventDate "2017.07.13"]
[EventType "swiss"]
[EventRounds "7"]
[EventCountry "GER"]

1. e4 c5 2. Nf3 e6 3. d4 cxd4 4. Nxd4 a6 5. Nc3 Qc7 6. Bd3 g6 7. Bd2 Bg7 8. Nf3
Nc6 9. O-O Nge7 10. a3 O-O 11. Rb1 d6 12. Ne2 f5 13. exf5 Nxf5 14. Bc3 e5 15.
Bc4+ Kh8 16. Ng5 Qe7 17. Nf3 Bd7 18. Re1 Nh6 19. Ng3 Be6 20. Bxe6 Qxe6 21. Qd2
Rad8 22. Rbd1 Nf7 23. Qd5 Qxd5 24. Rxd5 Ne7 25. Rd3 Nc6 26. Red1 Rfe8 27. Ne4
Bf8 28. h3 Be7 29. Bd2 h6 30. Be3 b5 31. b4 Kg7 32. Rc3 d5 33. Rxc6 dxe4 34.
Rxd8 Rxd8 35. Nd2 Rd6 36. Rc7 Bd8 37. Rc3 a5 38. Nxe4 Rd1+ 39. Kh2 axb4 40.
axb4 Nd6 41. Nxd6 Rxd6 42. Rd3 Bc7 43. Rxd6 Bxd6 44. Bc5 Bc7 45. Kg1 Kf7 46.
Kf1 Ke6 47. Ke2 Kd5 48. Kd3 Bd8 49. f3 Bf6 {Remis Angebot} 50. g4 h5 51. Be3
hxg4 52. hxg4 Be7 53. c3 Bd6 54. Bh6 Bc7 55. Be3 1/2-1/2

[Event "Int.Vellmar 9th op B"]
[Site "Vellmar"]
[Date "2017.07.16"]
[Round "6.35"]
[White "Mann, Moritz"]
[Black "Tschepanski, Helmut"]
[Result "1-0"]
[WhiteElo "1692"]
[BlackElo "1539"]
[PlyCount "105"]
[EventDate "2017.07.13"]
[EventType "swiss"]
[EventRounds "7"]
[EventCountry "GER"]

1. e4 e6 2. d4 d5 3. exd5 exd5 4. Nf3 Bd6 5. Bd3 f5 6. O-O Nf6 7. Re1+ Be7 8.
Ne5 O-O 9. f3 Bd6 10. Bg5 c6 11. c4 Re8 12. cxd5 cxd5 13. Nc3 Qc7 14. Bxf6 gxf6
15. Nxd5 Qg7 16. Nc4 Rxe1+ 17. Qxe1 Bf8 18. Qg3 Nc6 19. Nxf6+ Kh8 20. Qxg7+
Bxg7 21. Ne8 Bxd4+ 22. Kf1 Nb4 23. Ke2 Be6 24. Ned6 Nxd3 25. Kxd3 Rd8 26. Kxd4
Bxc4 27. Kxc4 Rxd6 28. Kc3 Rf6 29. Re1 Rf7 30. Kd3 Kg7 31. Re5 Kf6 32. f4 h5
33. Rd5 h4 34. Rd6+ Kg7 35. Kd4 Re7 36. Kd3 Rf7 37. Ke3 Kh7 38. Kf3 Kg7 39. g3
hxg3 40. hxg3 Kh7 41. b3 Kg7 42. g4 fxg4+ 43. Kxg4 Kh7 44. f5 Rg7+ 45. Kf4 Rf7
46. Ke5 Kg7 47. Rg6+ Kf8 48. Rf6 Rxf6 49. Kxf6 a5 50. a4 Ke8 51. Kg7 Kd7 52. f6
Kc6 53. f7 1-0

[Event "Int.Vellmar 9th op B"]
[Site "Vellmar"]
[Date "2017.07.16"]
[Round "6.36"]
[White "Heinz, Friedrich"]
[Black "Ross, Heinrich"]
[Result "1-0"]
[WhiteElo "1669"]
[BlackElo "1482"]
[PlyCount "23"]
[EventDate "2017.07.13"]
[EventType "swiss"]
[EventRounds "7"]
[EventCountry "GER"]

1. e4 c5 2. Bc4 Nc6 3. Qh5 e6 4. Nc3 Nf6 5. Qd1 d5 6. Bd3 c4 7. Be2 a6 8. exd5
exd5 9. d3 Bb4 10. Bd2 O-O 11. Nf3 Re8 12. O-O {Notation unklar} 1-0

[Event "Int.Vellmar 9th op B"]
[Site "Vellmar"]
[Date "2017.07.16"]
[Round "6.37"]
[White "Thede, Stefan"]
[Black "Maar, Felicitas"]
[Result "1-0"]
[WhiteElo "1661"]
[BlackElo "1461"]
[PlyCount "177"]
[EventDate "2017.07.13"]
[EventType "swiss"]
[EventRounds "7"]
[EventCountry "GER"]

1. Nf3 Nc6 2. g3 e5 3. d3 Nf6 4. Bg2 Bc5 5. O-O O-O 6. c3 d5 7. b4 Bd6 8. Nbd2
h6 9. e4 dxe4 10. dxe4 Be6 11. Qc2 Qd7 12. Rd1 Ne7 13. a3 Ng6 14. Nf1 Qc6 15.
Ne1 Bc4 16. Ne3 Rfd8 17. a4 a6 18. Nd5 Bf8 19. Nxf6+ Qxf6 20. Be3 Qe6 21. Rac1
Be7 22. Nd3 b6 23. f4 Bxd3 24. Rxd3 Rxd3 25. Qxd3 Qd6 26. Qxd6 Bxd6 27. f5 Ne7
28. Rd1 Rd8 29. Bf1 a5 30. b5 Kf8 31. g4 Ke8 32. f6 gxf6 33. Kg2 Ng8 34. Bc4
Be7 35. Rxd8+ Bxd8 36. Bd5 Kf8 37. Bc1 Kg7 38. Kf3 Ne7 39. c4 Ng8 40. Bd2 Be7
41. h4 Bd8 42. c5 Be7 43. cxb6 cxb6 44. Ke3 Bc5+ 45. Kd3 Ne7 46. h5 Ng8 47. Kc4
Ne7 48. Bxa5 Nc8 49. Bd2 Nd6+ 50. Kd3 Nc8 51. Bc6 Bd4 52. Kc4 Nd6+ 53. Kd5 Nc8
54. a5 bxa5 55. Bxa5 Nb6+ 56. Bxb6 Bxb6 57. Bd7 Kf8 58. Kc6 Ba5 59. Bf5 Ke7 60.
b6 Bxb6 61. Kxb6 Kd6 62. Kb7 Ke7 63. Kc7 Ke8 64. Kd6 Kf8 65. Bd7 Kg7 66. Ke7
Kg8 67. Kxf6 Kf8 68. Kxe5 Ke7 69. Ba4 Kf8 70. Kf6 Kg8 71. Bb3 Kf8 72. Bc4 Ke8
73. Bxf7+ Kf8 74. Bb3 Ke8 75. Kg6 Kf8 76. Kxh6 Ke8 77. Kg7 Ke7 78. h6 Ke8 79.
h7 Ke7 80. h8=Q Kd7 81. Qh6 Kc7 82. Bd5 Kd7 83. Kf7 Kc7 84. Qc6+ Kd8 85. Qb6+
Kc8 86. Qa7 Kd8 87. Ke6 Kc8 88. Qb7+ Kd8 89. Qd7# 1-0

[Event "Int.Vellmar 9th op B"]
[Site "Vellmar"]
[Date "2017.07.16"]
[Round "6.38"]
[White "Schulz, Christian"]
[Black "Seelemann, Thomas"]
[Result "0-1"]
[WhiteElo "1416"]
[BlackElo "1656"]
[PlyCount "88"]
[EventDate "2017.07.13"]
[EventType "swiss"]
[EventRounds "7"]
[EventCountry "GER"]

1. Nf3 Nf6 2. g3 g6 3. c4 Bg7 4. Bg2 O-O 5. d4 d6 6. Bd2 Ne4 7. Be3 c5 8. Nbd2
Qa5 9. a3 Nxd2 10. Bxd2 Qc7 11. Bc3 cxd4 12. Bxd4 e5 13. Bc3 Be6 14. Nd2 Nc6
15. Bd5 Bh3 16. Ne4 Rad8 17. Ng5 Bc8 18. e4 {Remis Angebot} h6 19. Nf3 Ne7 20.
Rc1 Bh3 21. Ng1 Bg2 22. h4 Bxh1 23. h5 g5 24. Qg4 Nxd5 25. cxd5 Bg2 26. Bd2 Qd7
27. Qe2 Bh3 28. f3 g4 29. f4 exf4 30. Bxf4 Rfe8 31. Kf2 f5 32. Qd2 fxe4 33.
Nxh3 gxh3 34. Bxh6 Qf5+ 35. Kg1 Qg4 36. Rc7 Qxg3+ 37. Kh1 Qg2+ 38. Qxg2 hxg2+
39. Kxg2 Bxh6 40. Rxb7 e3 41. Kf1 Rb8 42. Rxa7 Rxb2 43. Rd7 e2+ 44. Kg2 e1=Q+
0-1

[Event "Int.Vellmar 9th op B"]
[Site "Vellmar"]
[Date "2017.07.16"]
[Round "6.40"]
[White "Pabst, Olaf"]
[Black "Becker, Ralph"]
[Result "0-1"]
[WhiteElo "1610"]
[BlackElo "1776"]
[PlyCount "110"]
[EventDate "2017.07.13"]
[EventType "swiss"]
[EventRounds "7"]
[EventCountry "GER"]

1. Nc3 d5 2. d4 Bf5 3. Bf4 e6 4. a3 Nf6 5. f3 Bd6 6. Bg5 h6 7. Bh4 Be7 8. Bf2
Nbd7 9. e3 O-O 10. g4 Bh7 11. h4 c5 12. Bd3 Bxd3 13. Qxd3 c4 14. Qd2 Qb6 15.
Rb1 Nh7 16. Nh3 Rfe8 17. g5 h5 18. f4 g6 19. Rg1 Qc6 20. Ne2 b5 21. c3 a5 22.
Qc2 Reb8 23. Bg3 {Remis Angebot} Rb7 24. Kf2 b4 25. axb4 axb4 26. cxb4 Rxb4 27.
Nc3 Qb7 28. Rge1 Bd6 29. Ng1 Rb8 30. Re2 Rb3 31. Rd2 Ra8 32. Nge2 Bb4 33. Kg2
Nb6 34. Be1 Na4 35. Rdd1 Nxc3 36. Nxc3 Nf8 37. Qc1 Nd7 38. Ra1 Nb6 39. Rxa8+
Qxa8 40. Qb1 Nc8 41. Ne2 Bxe1 42. Rxe1 Rxe3 43. Nc3 Rxe1 44. Qxe1 Qb8 45. Qd2
Nd6 46. Kg3 Nf5+ 47. Kh3 Qb6 48. Ne2 Kf8 49. Qc3 Nd6 50. Qa3 Kg7 51. Qc3 Ne4
52. Qc2 Nf2+ 53. Kg2 Nd3 54. Qd2 Qxb2 55. Qe3 Qxe2+ 0-1

[Event "Int.Vellmar 9th op B"]
[Site "Vellmar"]
[Date "2017.07.16"]
[Round "6.43"]
[White "Toma, Yanis"]
[Black "Warter, Simon"]
[Result "1/2-1/2"]
[WhiteElo "1538"]
[BlackElo "1357"]
[PlyCount "36"]
[EventDate "2017.07.13"]
[EventType "swiss"]
[EventRounds "7"]
[EventCountry "GER"]

1. e4 e5 2. Nf3 Nf6 3. Nxe5 d6 4. Nf3 Nxe4 5. Qe2 Qe7 6. d3 Nf6 7. Nc3 Bg4 8.
Be3 Nbd7 9. h3 Bh5 10. g4 Bg6 11. g5 Ng8 12. Nd5 Qd8 13. Bb6+ Be7 14. Nxc7+ Kf8
15. Nxa8 axb6 16. Nxb6 Qxb6 17. Rb1 Qa5+ 18. Qd2 Qxd2+ 1/2-1/2

[Event "Int.Vellmar 9th op B"]
[Site "Vellmar"]
[Date "2017.07.16"]
[Round "6.44"]
[White "Maar, Patricia"]
[Black "Heidenreich, Gundolf"]
[Result "1-0"]
[WhiteElo "1358"]
[BlackElo "1710"]
[PlyCount "57"]
[EventDate "2017.07.13"]
[EventType "swiss"]
[EventRounds "7"]
[EventCountry "GER"]

1. e4 c6 2. d4 d5 3. Nc3 dxe4 4. Nxe4 Bf5 5. Ng3 Bg6 6. h4 h6 7. h5 Bh7 8. Nf3
e6 9. Bd3 Bxd3 10. Qxd3 Nf6 11. Bd2 Bd6 12. Rh3 Qc7 13. O-O-O Nbd7 14. Ne4 Bf4
15. Re1 Bxd2+ 16. Qxd2 O-O-O 17. Qb4 Nxe4 18. Rxe4 Nf6 19. Re1 Rd5 20. Re5 Rhd8
21. Rxd5 Nxd5 22. Qd2 Qd6 23. Ne5 f6 24. Nf7 Qf4 25. Nxd8 Qxd2+ 26. Kxd2 Kxd8
27. Rg3 Nf4 28. Rxg7 Nxh5 29. Rxb7 1-0

[Event "Int.Vellmar 9th op B"]
[Site "Vellmar"]
[Date "2017.07.16"]
[Round "6.45"]
[White "Mittmann, Volker"]
[Black "Pohl, Rolf Dieter"]
[Result "1-0"]
[WhiteElo "1851"]
[BlackElo "1487"]
[PlyCount "108"]
[EventDate "2017.07.13"]
[EventType "swiss"]
[EventRounds "7"]
[EventCountry "GER"]

1. e4 d5 2. exd5 Qxd5 3. Nc3 Qa5 4. d4 Bf5 5. Bd3 Bxd3 6. Qxd3 c6 7. Nf3 Nd7 8.
Bf4 Ngf6 9. O-O e6 10. h3 O-O-O 11. Qc4 Nb6 12. Qb3 h6 13. Bd2 Nbd7 14. Ne2 Qc7
15. Bf4 Bd6 16. Bxd6 Qxd6 17. Rfd1 Qe7 18. c4 g5 19. Ne5 Nxe5 20. dxe5 Ne4 21.
Qe3 Nc5 22. b4 Nd7 23. b5 c5 24. g3 b6 25. Kg2 f6 26. exf6 Nxf6 27. Qf3 Qb7 28.
Qxb7+ Kxb7 29. f3 Kc7 30. Kf2 Rd7 31. Rxd7+ Nxd7 32. Ke3 Rd8 33. Rc1 Kd6 34.
Rd1+ Ke7 35. f4 e5 36. f5 h5 37. Nc3 Nf6 38. Rxd8 Kxd8 39. Ne4 Nh7 40. Nd6 Kd7
41. Nf7 Ke7 42. Nxe5 Kd6 43. Nc6 Nf6 44. Nxa7 Ke5 45. Nc8 Nd7 46. g4 h4 47. a4
Kf6 48. Ke4 Ne5 49. Nxb6 Nxg4 50. hxg4 h3 51. Kf3 h2 52. Kg2 h1=Q+ 53. Kxh1 Ke5
54. Kg2 Kf4 1-0

[Event "Int.Vellmar 9th op B"]
[Site "Vellmar"]
[Date "2017.07.16"]
[Round "6.46"]
[White "Breiter, Juergen"]
[Black "Rapp, Leonard"]
[Result "1/2-1/2"]
[WhiteElo "1685"]
[BlackElo "1479"]
[PlyCount "47"]
[EventDate "2017.07.13"]
[EventType "swiss"]
[EventRounds "7"]
[EventCountry "GER"]

1. Nf3 d5 2. d4 Nc6 3. e3 Bf5 4. a3 a6 5. Be2 Nf6 6. Nbd2 e6 7. Nh4 Bg6 8. Nxg6
hxg6 9. h3 Bd6 10. c4 dxc4 11. Bxc4 b5 12. Be2 Ne7 13. e4 Bf4 14. Bf3 c6 15.
Nb3 Bxc1 16. Rxc1 Nd7 17. Nc5 Nxc5 18. Rxc5 Rc8 19. e5 f6 20. O-O O-O 21. Qd3
Qd7 22. Qe3 Rfd8 23. Rd1 Kf7 24. b4 1/2-1/2

[Event "Int.Vellmar 9th op B"]
[Site "Vellmar"]
[Date "2017.07.16"]
[Round "6.47"]
[White "Helmer, Andreas"]
[Black "Lambrecht, Harald"]
[Result "1-0"]
[WhiteElo "1608"]
[BlackElo "1422"]
[PlyCount "101"]
[EventDate "2017.07.13"]
[EventType "swiss"]
[EventRounds "7"]
[EventCountry "GER"]

1. d4 d5 2. Nf3 Nf6 3. c4 c6 4. Nc3 e6 5. cxd5 exd5 6. e3 Bf5 7. Be2 Bd6 8. O-O
O-O 9. a3 Nbd7 10. b4 b5 11. Nh4 Bg6 12. Nxg6 hxg6 13. f4 Ne4 14. Nxe4 dxe4 15.
Qb3 Nf6 16. Bd2 Qe7 17. Bc3 a6 18. Be1 Nd5 19. Bg4 f5 20. Bh3 g5 21. g3 g4 22.
Bg2 g6 23. Kf2 Kg7 24. Rh1 Nf6 25. Bc3 Nd5 26. Ke2 g5 27. Be1 gxf4 28. gxf4 Rh8
29. Bg3 a5 30. Qc2 Rhc8 31. h3 axb4 32. axb4 Rxa1 33. Rxa1 Nxb4 34. Qb1 c5 35.
dxc5 Bxc5 36. hxg4 Nd3 37. gxf5 Qf6 38. Bxe4 Qb2+ 39. Qxb2+ Nxb2 40. Bd3 Nxd3
41. Kxd3 Rd8+ 42. Ke2 Re8 43. Bf2 Kf6 44. Kf3 b4 45. Ra5 Rc8 46. Rb5 Rc6 47.
Be1 Rc7 48. e4 Be7 49. Bh4+ Kf7 50. Bxe7 Kxe7 51. Rxb4 1-0